000 00324nam a22001457a 4500
020 _a978-93-85039-29-4
041 _aENG
100 _aRangwala
245 _aHighway Engineering
260 _aGujarat
_bChasatas Publishing House pvt. Ltd
_c2017
300 _a408
650 _aFS
700 _aKetki B. Dalal
856 _uFS
999 _c78
_d78